MARC details
| 000 -LEADER |
| fixed length control field |
03977cgm a2200805Ma 4500 |
| 001 - CONTROL NUMBER |
| control field |
on1104917768 |
| 003 - CONTROL NUMBER IDENTIFIER |
| control field |
OCoLC |
| 005 - DATE AND TIME OF LATEST TRANSACTION |
| control field |
20200715094647.0 |
| 007 - PHYSICAL DESCRIPTION FIXED FIELD--GENERAL INFORMATION |
| fixed length control field |
vd cvaizq |
| 008 - FIXED-LENGTH DATA ELEMENTS--GENERAL INFORMATION |
| fixed length control field |
140825s2014 cau095 vleng d |
| 040 ## - CATALOGING SOURCE |
| Original cataloging agency |
LIQ |
| Language of cataloging |
eng |
| Transcribing agency |
LIQ |
| Modifying agency |
LIQ |
| -- |
OCLCF |
| -- |
OCLCO |
| -- |
OCLCQ |
| -- |
WACOL |
| 020 ## - INTERNATIONAL STANDARD BOOK NUMBER |
| International Standard Book Number |
9786315577109 |
| 020 ## - INTERNATIONAL STANDARD BOOK NUMBER |
| International Standard Book Number |
6315577105 |
| 024 1# - OTHER STANDARD IDENTIFIER |
| Standard number or code |
043396445314 |
| 024 1# - OTHER STANDARD IDENTIFIER |
| Standard number or code |
043396448285 |
| 028 42 - PUBLISHER NUMBER |
| Publisher number |
44531 |
| Source |
Columbia |
| 028 42 - PUBLISHER NUMBER |
| Publisher number |
44828 |
| Source |
Columbia |
| 035 ## - SYSTEM CONTROL NUMBER |
| System control number |
(OCoLC)1104917768 |
| 041 1# - LANGUAGE CODE |
| Language code of text/sound track or separate title |
eng |
| -- |
fre |
| -- |
jpn |
| -- |
por |
| -- |
spa |
| -- |
tha |
| -- |
chi |
| -- |
eng |
| -- |
fre |
| -- |
jpn |
| -- |
kor |
| -- |
por |
| -- |
spa |
| -- |
tha |
| Language code of original and/or intermediate translations of text |
eng |
| 050 #4 - LIBRARY OF CONGRESS CALL NUMBER |
| Classification number |
PN1997.2 |
| Item number |
.S63 2014 |
| 082 04 - DEWEY DECIMAL CLASSIFICATION NUMBER |
| Classification number |
791.43/72 |
| Edition number |
23 |
| 092 ## - LOCALLY ASSIGNED DEWEY CALL NUMBER (OCLC) |
| Classification number |
DVD |
| Item number |
Spa |
| 049 ## - LOCAL HOLDINGS (OCLC) |
| Holding library |
WACL |
| 245 00 - TITLE STATEMENT |
| Title |
Space station 76 / |
| Statement of responsibility, etc |
a Destination Films presents ; a Rival Pictures and OM Films production ; directed by Jack Plotnick. |
| 246 3# - VARYING FORM OF TITLE |
| Title proper/short title |
Space station seventy-six |
| 250 ## - EDITION STATEMENT |
| Edition statement |
2014 motion picture release. |
| 260 ## - PUBLICATION, DISTRIBUTION, ETC. (IMPRINT) |
| Place of publication, distribution, etc |
Culver City, CA : |
| Name of publisher, distributor, etc |
Sony Pictures Home Entertainment, |
| Date of publication, distribution, etc |
2014. |
| 300 ## - PHYSICAL DESCRIPTION |
| Extent |
1 videodisc (95 min.) : |
| Other physical details |
sound, color ; |
| Dimensions |
4 3/4 in. |
| 336 ## - Content Type |
| Content type term |
two-dimensional moving image |
| 337 ## - Media type |
| Media type term |
video |
| 338 ## - Carrier type |
| Carrier type term |
videodisc |
| 538 ## - SYSTEM DETAILS NOTE |
| System details note |
DVD ; anamorphic widescreen (2.40:1) presentation ; Dolby digital 5.1 surround. |
| 546 ## - LANGUAGE NOTE |
| Language note |
In English, dubbed French, dubbed Spanish, dubbed Portuguese, dubbed Japanese or dubbed Thai, with optional subtitles in English, Spanish, French, Thai, Korean, Japanese, Mandarin or Portuguese. |
| 546 ## - LANGUAGE NOTE |
| Language note |
Closed-captioned. |
| 511 1# - PARTICIPANT OR PERFORMER NOTE |
| Participant or performer note |
Patrick Wilson, Liv Tyler, Marisa Coughlan, Matthew Bomer, Jerry O'Connell, Kylie Rogers. |
| 508 ## - CREATION/PRODUCTION CREDITS NOTE |
| Creation/production credits note |
Visual effects, Billy Brooks ; editor, Sharon Rutter ; director of photography, Robert Brinkmann ; music, Steffan Fantini, Marc Fantini. |
| 521 8# - TARGET AUDIENCE NOTE |
| Target audience note |
MPAA rating: R; for sexuality including graphic nudity, language and some drug use |
| -- |
CHV rating: 14A. |
| 520 ## - SUMMARY, ETC. |
| Summary, etc |
A character-driven, domestic drama-comedy, about a group of people living on a space station in a cheesy 1970's version of the future, where personalities and asteroids collide. |
| 500 ## - GENERAL NOTE |
| General note |
Special features: Zero gravity: making Space station 76 ; outtakes ; deleted scenes. |
| 521 ## - TARGET AUDIENCE NOTE |
| Target audience note |
DVD |
| Source |
Amazon |
| 650 #0 - SUBJECT ADDED ENTRY--TOPICAL TERM |
| Topical term or geographic name as entry element |
Mandarin language materials |
| General subdivision |
Bilingual. |
| 9 (RLIN) |
6365712 |
| 650 #0 - SUBJECT ADDED ENTRY--TOPICAL TERM |
| Topical term or geographic name as entry element |
Space stations |
| Form subdivision |
Drama. |
| 9 (RLIN) |
5765547 |
| 650 #0 - SUBJECT ADDED ENTRY--TOPICAL TERM |
| Topical term or geographic name as entry element |
Interpersonal relations |
| Form subdivision |
Drama. |
| 9 (RLIN) |
5731317 |
| 650 #0 - SUBJECT ADDED ENTRY--TOPICAL TERM |
| Topical term or geographic name as entry element |
Nineteen seventies |
| Form subdivision |
Drama. |
| 9 (RLIN) |
6354613 |
| 650 #7 - SUBJECT ADDED ENTRY--TOPICAL TERM |
| Topical term or geographic name as entry element |
Interpersonal relations. |
| Source of heading or term |
fast |
| -- |
(OCoLC)fst00977397 |
| 9 (RLIN) |
6365713 |
| 650 #7 - SUBJECT ADDED ENTRY--TOPICAL TERM |
| Topical term or geographic name as entry element |
Nineteen seventies. |
| Source of heading or term |
fast |
| -- |
(OCoLC)fst01037812 |
| 9 (RLIN) |
6365714 |
| 650 #7 - SUBJECT ADDED ENTRY--TOPICAL TERM |
| Topical term or geographic name as entry element |
Space stations. |
| Source of heading or term |
fast |
| -- |
(OCoLC)fst01127891 |
| 9 (RLIN) |
6365715 |
| 655 #7 - INDEX TERM--GENRE/FORM |
| Genre/form data or focus term |
Comedy films. |
| Source of term |
fast |
| -- |
(OCoLC)fst01710291 |
| 9 (RLIN) |
6365716 |
| 655 #7 - INDEX TERM--GENRE/FORM |
| Genre/form data or focus term |
Drama. |
| Source of term |
fast |
| -- |
(OCoLC)fst01423879 |
| 9 (RLIN) |
6365717 |
| 655 #7 - INDEX TERM--GENRE/FORM |
| Genre/form data or focus term |
Feature films. |
| Source of term |
fast |
| -- |
(OCoLC)fst01710384 |
| 9 (RLIN) |
6365718 |
| 655 #7 - INDEX TERM--GENRE/FORM |
| Genre/form data or focus term |
Fiction films. |
| Source of term |
fast |
| -- |
(OCoLC)fst01710264 |
| 9 (RLIN) |
6365719 |
| 655 #7 - INDEX TERM--GENRE/FORM |
| Genre/form data or focus term |
Science fiction films. |
| Source of term |
fast |
| -- |
(OCoLC)fst01710407 |
| 9 (RLIN) |
6365720 |
| 655 #7 - INDEX TERM--GENRE/FORM |
| Genre/form data or focus term |
Video recordings for the hearing impaired. |
| Source of term |
fast |
| -- |
(OCoLC)fst01710450 |
| 9 (RLIN) |
6365721 |
| 655 #7 - INDEX TERM--GENRE/FORM |
| Genre/form data or focus term |
Feature films. |
| Source of term |
lcgft |
| 9 (RLIN) |
6365718 |
| 655 #7 - INDEX TERM--GENRE/FORM |
| Genre/form data or focus term |
Fiction films. |
| Source of term |
lcgft |
| 9 (RLIN) |
6365719 |
| 655 #7 - INDEX TERM--GENRE/FORM |
| Genre/form data or focus term |
Comedy films. |
| Source of term |
lcgft |
| 9 (RLIN) |
6365716 |
| 655 #7 - INDEX TERM--GENRE/FORM |
| Genre/form data or focus term |
Science fiction films. |
| Source of term |
lcgft |
| 9 (RLIN) |
6365720 |
| 655 #7 - INDEX TERM--GENRE/FORM |
| Genre/form data or focus term |
Video recordings for the hearing impaired. |
| Source of term |
lcgft |
| 9 (RLIN) |
6365721 |
| 700 1# - ADDED ENTRY--PERSONAL NAME |
| Personal name |
Plotnick, Jack, |
| Dates associated with a name |
1968- |
| Relator term |
film director. |
| 9 (RLIN) |
5956334 |
| 700 1# - ADDED ENTRY--PERSONAL NAME |
| Personal name |
Wilson, Patrick, |
| Dates associated with a name |
1973- |
| Relator term |
actor. |
| 9 (RLIN) |
69599 |
| 700 1# - ADDED ENTRY--PERSONAL NAME |
| Personal name |
Tyler, Liv, |
| Relator term |
actor. |
| 9 (RLIN) |
63426 |
| 700 1# - ADDED ENTRY--PERSONAL NAME |
| Personal name |
Coughlan, Marisa, |
| Dates associated with a name |
1974- |
| Relator term |
actor. |
| 9 (RLIN) |
6365722 |
| 700 1# - ADDED ENTRY--PERSONAL NAME |
| Personal name |
Bomer, Matthew, |
| Dates associated with a name |
1977- |
| Relator term |
actor. |
| 9 (RLIN) |
74159 |
| 700 1# - ADDED ENTRY--PERSONAL NAME |
| Personal name |
O'Connell, Jerry, |
| Dates associated with a name |
1974- |
| Relator term |
actor. |
| 9 (RLIN) |
62822 |
| 710 2# - ADDED ENTRY--CORPORATE NAME |
| Corporate name or jurisdiction name as entry element |
Rival Pictures, |
| Relator term |
production company. |
| 9 (RLIN) |
6365723 |
| 710 2# - ADDED ENTRY--CORPORATE NAME |
| Corporate name or jurisdiction name as entry element |
Om Films, |
| Relator term |
production company. |
| 9 (RLIN) |
6365724 |
| 710 2# - ADDED ENTRY--CORPORATE NAME |
| Corporate name or jurisdiction name as entry element |
Sony Pictures Home Entertainment (Firm), |
| Relator term |
film distributor. |
| 9 (RLIN) |
71947 |
| 710 2# - ADDED ENTRY--CORPORATE NAME |
| Corporate name or jurisdiction name as entry element |
Destination Films, |
| Relator term |
production company. |
| 9 (RLIN) |
71247 |
| 994 ## - |
| -- |
C0 |
| -- |
WACOL |